[Event "5th Shenzhen Longgang"]
[Site "Shenzhen CHN"]
[Date "2024.02.29"]
[Round "1.3"]
[White "Giri, Anish"]
[Black "Artemiev, Vladislav"]
[Result "1-0"]
[WhiteTitle "GM"]
[BlackTitle "GM"]
[WhiteElo "2762"]
[BlackElo "2711"]
[WhiteFideId "24116068"]
[BlackFideId "24101605"]
[EventDate "2024.02.29"]

1. e4 e5 2. Nf3 Nc6 3. Bb5 a6 4. Ba4 Nf6 5. O-O Be7 6. d3 b5 7. Bb3 O-O 8. a4
Rb8 9. axb5 axb5 10. Nc3 d6 11. h3 h6 12. Be3 Re8 13. Qd2 Be6 14. Bxe6 fxe6 15.
Ne2 Qc8 16. Ng3 Nd8 17. Bxh6 gxh6 18. Qxh6 Nf7 19. Qg6+ Kf8 20. Nh2 Ra8 21. Rae1
Bd8 22. Re3 Nh8 23. Qh6+ Kf7 24. Rf3 Rg8 25. Nh5 Rg6 26. Qxh8 Be7 27. Qh7+ 1-0

[Event "5th Shenzhen Longgang"]
[Site "Shenzhen CHN"]
[Date "2024.02.29"]
[Round "1.4"]
[White "Ma, Qun"]
[Black "Yu, Yangyi"]
[Result "1/2-1/2"]
[WhiteTitle "GM"]
[BlackTitle "GM"]
[WhiteElo "2651"]
[BlackElo "2720"]
[WhiteFideId "8603154"]
[BlackFideId "8603820"]
[EventDate "2024.02.29"]

1. d4 Nf6 2. c4 e6 3. Nf3 h6 4. Nc3 Bb4 5. Qc2 c5 6. dxc5 Na6 7. c6 bxc6 8. g3
O-O 9. Bg2 d5 10. O-O Bb7 11. Rd1 c5 12. cxd5 exd5 13. Nh4 Nc7 14. Na4 Ne6 15.
a3 Ba5 16. Nxc5 Nxc5 17. Qxc5 Bb6 18. Qb4 Re8 19. Nf5 a5 20. Qb3 Ba6 21. Be3 Rb8
22. Qc3 Bxe3 23. Nxe3 Qb6 24. b4 axb4 25. Qxb4 Qxb4 26. axb4 Bxe2 27. Rd4 Red8
28. Re1 Ba6 29. Nxd5 Nxd5 30. Rxd5 Rxd5 31. Bxd5 Rxb4 32. Re8+ Kh7 33. Bxf7 Bc4
34. Bxc4 Rxc4 35. h4 h5 36. Kg2 Rc7 37. Kf3 g6 38. Ke4 Kg7 39. Ke5 Rc5+ 40. Ke6
Rc6+ 41. Ke5 Rc5+ 42. Ke6 Rc6+ 43. Ke5 1/2-1/2

[Event "5th Shenzhen Longgang"]
[Site "Shenzhen CHN"]
[Date "2024.03.01"]
[Round "2.1"]
[White "Xu, Xiangyu"]
[Black "Yu, Yangyi"]
[Result "0-1"]
[WhiteTitle "GM"]
[BlackTitle "GM"]
[WhiteElo "2623"]
[BlackElo "2720"]
[WhiteFideId "8608288"]
[BlackFideId "8603820"]
[EventDate "2024.02.29"]

1. e4 e5 2. Nf3 Nc6 3. Bb5 a6 4. Bxc6 dxc6 5. O-O Qd6 6. d4 exd4 7. Nxd4 Bd7 8.
Nc3 O-O-O 9. Be3 Nh6 10. Nf3 Ng4 11. Qxd6 Bxd6 12. Bd2 Rhe8 13. Rad1 b5 14. h3
Ne5 15. Nxe5 Bxe5 16. b3 h6 17. f3 f5 18. Rfe1 c5 19. Nd5 fxe4 20. fxe4 Be6 21.
Ne3 Rd7 22. Bc1 Bd4 23. Kh1 Rde7 24. Rf1 Bg8 25. Nf5 Rxe4 26. Ba3 Re2 27. Nxd4
cxd4 28. Rxd4 Rxc2 29. Rf8 Rxf8 30. Bxf8 Rxa2 31. b4 h5 32. Bxg7 a5 33. bxa5
Rxa5 34. g4 hxg4 35. hxg4 c5 36. Rd6 b4 37. g5 c4 38. g6 Kc7 39. Rd2 c3 40. Rc2
Kc6 0-1

[Event "5th Shenzhen Longgang"]
[Site "Shenzhen CHN"]
[Date "2024.03.01"]
[Round "2.2"]
[White "Artemiev, Vladislav"]
[Black "Ma, Qun"]
[Result "1-0"]
[WhiteTitle "GM"]
[BlackTitle "GM"]
[WhiteElo "2711"]
[BlackElo "2651"]
[WhiteFideId "24101605"]
[BlackFideId "8603154"]
[EventDate "2024.02.29"]

1. e4 e5 2. Nf3 Nc6 3. Bb5 Nf6 4. O-O Nxe4 5. d4 Nd6 6. Bxc6 dxc6 7. dxe5 Nf5 8.
Qxd8+ Kxd8 9. h3 Be7 10. Rd1+ Ke8 11. g4 Nh4 12. Nxh4 Bxh4 13. Nc3 h5 14. f3 f5
15. exf6 gxf6 16. Bf4 hxg4 17. hxg4 f5 18. g5 Kf7 19. Be5 Re8 20. Bf6 Kg6 21. f4
b6 22. Rd3 Kh5 23. Rh3 Kg4 24. Kh2 Bf2 25. Kg2 Re3 26. Nd1 Rg3+ 27. Rxg3+ Bxg3
28. Be5 Bh4 29. Ne3+ Kh5 30. Rh1 Bb7 31. Kf1 Rd8 32. g6 1-0

[Event "5th Shenzhen Longgang"]
[Site "Shenzhen CHN"]
[Date "2024.03.02"]
[Round "3.1"]
[White "Bu, Xiangzhi"]
[Black "Xu, Xiangyu"]
[Result "1/2-1/2"]
[WhiteTitle "GM"]
[BlackTitle "GM"]
[WhiteElo "2671"]
[BlackElo "2623"]
[WhiteFideId "8601445"]
[BlackFideId "8608288"]
[EventDate "2024.02.29"]

1. d4 Nf6 2. c4 e6 3. Nc3 Bb4 4. Qc2 d5 5. a3 Bxc3+ 6. Qxc3 O-O 7. Nf3 b6 8. Bg5
Nbd7 9. cxd5 exd5 10. Qc6 Ba6 11. Rc1 Rc8 12. Qa4 Nb8 13. e3 Bxf1 14. Kxf1 c5
15. g3 Qd7 16. Qxd7 Nfxd7 17. dxc5 bxc5 18. Kg2 Na6 19. b4 Rfe8 20. bxc5 Naxc5
21. Rhd1 Nb6 22. Bf4 Ne4 23. Rc7 f6 24. h4 Rxc7 25. Bxc7 Rc8 26. Bxb6 axb6 27.
Nd2 Nd6 28. Nb3 Nc4 29. Rxd5 Nxa3 30. Nd4 Nc2 31. Nxc2 1/2-1/2

[Event "5th Shenzhen Longgang"]
[Site "Shenzhen CHN"]
[Date "2024.03.02"]
[Round "3.4"]
[White "Yu, Yangyi"]
[Black "Artemiev, Vladislav"]
[Result "1-0"]
[WhiteTitle "GM"]
[BlackTitle "GM"]
[WhiteElo "2720"]
[BlackElo "2711"]
[WhiteFideId "8603820"]
[BlackFideId "24101605"]
[EventDate "2024.02.29"]

1. e4 c6 2. d4 d5 3. e5 Bf5 4. Nf3 e6 5. Be2 c5 6. O-O Nc6 7. Be3 cxd4 8. Nxd4
Nxd4 9. Bxd4 Ne7 10. Nd2 Nc6 11. Nb3 Be7 12. f4 Nxd4 13. Nxd4 Qb6 14. Kh1 Be4
15. Bb5+ Kf8 16. a4 Bc5 17. a5 Qc7 18. Nb3 g6 19. Bd3 Kg7 20. Bxe4 dxe4 21. Ra4
Rhd8 22. Qe2 e3 23. Rc4 b6 24. axb6 axb6 25. Nxc5 bxc5 26. Qxe3 Qb6 27. b3 Rd4
28. Rxd4 cxd4 29. Qd3 Rc8 30. Rd1 Rc3 31. Qxd4 Qxd4 32. Rxd4 Rxc2 33. h4 Rb2 34.
b4 Kf8 35. Rd8+ Kg7 36. Rd4 Kf8 37. Rc4 Ke7 38. Rc7+ Kf8 39. Rb7 h6 40. b5 Kg7
41. b6 Rb5 42. g3 g5 43. h5 g4 44. Kg2 Rb2+ 45. Kf1 Kg8 46. Ke1 Rb3 47. Kd2 Rxg3
48. Rc7 Rb3 49. b7 Kg7 50. f5 g3 51. f6+ Kh7 52. Ke2 Rb2+ 53. Kf1 Kg8 54. Kg1
Rb1+ 55. Kg2 Rb3 56. Rd7 Rb2+ 57. Kxg3 Kh7 58. Rxf7+ 1-0

[Event "5th Shenzhen Longgang"]
[Site "Shenzhen CHN"]
[Date "2024.03.04"]
[Round "4.1"]
[White "Xu, Xiangyu"]
[Black "Artemiev, Vladislav"]
[Result "1/2-1/2"]
[WhiteTitle "GM"]
[BlackTitle "GM"]
[WhiteElo "2623"]
[BlackElo "2711"]
[WhiteFideId "8608288"]
[BlackFideId "24101605"]
[EventDate "2024.02.29"]

1. d4 d5 2. c4 c6 3. cxd5 cxd5 4. Bf4 Nc6 5. e3 Nf6 6. Nc3 Bf5 7. Nf3 e6 8. Qb3
Bb4 9. Bb5 O-O 10. Bxc6 Bxc3+ 11. Qxc3 Rc8 12. Ne5 Ng4 13. Nxg4 Bxg4 14. Qb4
Rxc6 15. Qxb7 Qc8 16. Qxc8 Rfxc8 17. O-O a5 18. f3 Bf5 19. b3 h5 20. h4 a4 21.
bxa4 Ra8 22. Rfc1 Rxc1+ 23. Rxc1 Rxa4 24. Ra1 Rb4 25. a4 Bd3 26. a5 Ba6 27. Ra2
f6 28. Bd6 Rb1+ 29. Kf2 Kf7 30. Kg3 g5 31. hxg5 fxg5 32. Kh2 Kg6 33. Rc2 Bc4 34.
Rc3 Rb2 35. e4 Ra2 36. exd5 Bxd5 37. Ra3 Rxa3 38. Bxa3 Kf5 1/2-1/2

[Event "5th Shenzhen Longgang"]
[Site "Shenzhen CHN"]
[Date "2024.03.04"]
[Round "4.4"]
[White "Bu, Xiangzhi"]
[Black "Giri, Anish"]
[Result "1-0"]
[WhiteTitle "GM"]
[BlackTitle "GM"]
[WhiteElo "2671"]
[BlackElo "2762"]
[WhiteFideId "8601445"]
[BlackFideId "24116068"]
[EventDate "2024.02.29"]

1. Nf3 d5 2. d4 Nf6 3. c4 e6 4. Nc3 dxc4 5. e4 b5 6. Nxb5 Nxe4 7. Qa4 Nc6 8. Nc3
Nxc3 9. bxc3 Bd7 10. Qxc4 Rb8 11. Be2 Bd6 12. O-O Ne7 13. a4 Ng6 14. Be3 O-O 15.
Ne5 a5 16. Nxd7 Qxd7 17. Bf3 Rb6 18. g3 Rfb8 19. Be4 c6 20. Qd3 Kh8 21. Rab1
Rxb1 22. Rxb1 Rxb1+ 23. Qxb1 Qc7 24. Bd2 Ne7 25. c4 Qa7 26. Bc3 h6 27. Qb2 Kg8
28. Bd3 g6 29. Qd2 c5 30. d5 exd5 31. cxd5 Nxd5 32. Bb2 Qe7 33. Qxa5 Nb4 34.
Qa8+ Qf8 35. Qf3 Nxd3 36. Qxd3 Qb8 37. Qc3 Kf8 38. a5 Qb4 39. Qh8+ Ke7 40. Qf6+
Kd7 41. Qxf7+ Be7 42. Qd5+ Bd6 43. Bg7 Qxa5 44. Qf7+ Be7 45. Qxg6 Qe1+ 46. Kg2
c4 47. Bxh6 Bc5 48. Qf7+ Kc6 49. Qxc4 Qxf2+ 50. Kh3 Qf5+ 51. Qg4 Qd5 52. Bf4 Kb7
53. Qe2 Qf5+ 54. Kg2 Kb6 55. h4 Qd5+ 56. Qf3 Qa2+ 57. Kh3 Qe6+ 58. g4 Qe1 59.
Bg3 Qe6 60. h5 Be7 61. Bf4 Bc5 62. h6 Qf7 63. Qe4 Qb3+ 64. Bg3 Qc3 65. Qe6+ Kb5
66. h7 Bd4 67. Qe8+ Kb6 68. Qb8+ Ka6 69. Qa8+ Kb6 70. Qe4 Bh8 71. g5 Qc8+ 72.
Kh4 Qd7 73. Qb4+ 1-0

[Event "5th Shenzhen Longgang"]
[Site "Shenzhen CHN"]
[Date "2024.03.05"]
[Round "5.1"]
[White "Giri, Anish"]
[Black "Xu, Xiangyu"]
[Result "1/2-1/2"]
[WhiteTitle "GM"]
[BlackTitle "GM"]
[WhiteElo "2762"]
[BlackElo "2623"]
[WhiteFideId "24116068"]
[BlackFideId "8608288"]
[EventDate "2024.02.29"]

1. c4 Nf6 2. Nf3 e6 3. b3 d5 4. Bb2 Bd6 5. g3 Nbd7 6. Bg2 O-O 7. O-O c6 8. d4
Ne4 9. Nc3 f5 10. Qc2 Ndf6 11. Ne5 Bd7 12. e3 Nxc3 13. Bxc3 Be8 14. c5 Bc7 15.
b4 Qe7 16. a4 Ne4 17. Bb2 a6 18. f3 Ng5 19. f4 Ne4 20. Qe2 Bd7 21. a5 Be8 22.
Kh1 Rd8 23. Rfe1 Qf6 24. Bxe4 fxe4 25. h4 h5 26. Rg1 Bxe5 27. dxe5 Qh6 28. Kh2
Bg6 29. g4 hxg4 30. Qxg4 Bf5 31. Qg5 Kf7 1/2-1/2

[Event "5th Shenzhen Longgang"]
[Site "Shenzhen CHN"]
[Date "2024.03.05"]
[Round "5.2"]
[White "Ma, Qun"]
[Black "Bu, Xiangzhi"]
[Result "1/2-1/2"]
[WhiteTitle "GM"]
[BlackTitle "GM"]
[WhiteElo "2651"]
[BlackElo "2671"]
[WhiteFideId "8603154"]
[BlackFideId "8601445"]
[EventDate "2024.02.29"]

1. d4 Nf6 2. c4 e6 3. Nf3 d5 4. Nc3 Bb4 5. Bg5 h6 6. Bxf6 Qxf6 7. e3 O-O 8. Rc1
dxc4 9. Bxc4 c5 10. O-O cxd4 11. Ne4 Qe7 12. a3 Ba5 13. exd4 Rd8 14. b4 Bb6 15.
Rc3 Bd7 16. Re1 Bc6 17. Ng3 Qd6 18. Nh5 Nd7 19. Rd3 Rac8 20. d5 Ba4 21. Qxa4
Rxc4 22. Qb3 Qc7 23. dxe6 fxe6 24. Red1 Rc1 25. Qxe6+ Kh8 26. Qg4 Rxd1+ 27. Rxd1
Nf8 28. Re1 Qf7 29. h4 Qg6 30. Ne5 Qxg4 31. Nxg4 Ng6 32. g3 Kg8 33. Kg2 Kf7 34.
f4 Rd5 35. Ne5+ Nxe5 36. fxe5 g5 37. Nf6 Rd8 38. hxg5 hxg5 39. Kf3 Ke6 40. Kg4
Rd3 41. Ne4 Be3 42. a4 Ra3 43. Nc5+ Kxe5 1/2-1/2

[Event "5th Shenzhen Longgang"]
[Site "Shenzhen CHN"]
[Date "2024.03.06"]
[Round "6.3"]
[White "Bu, Xiangzhi"]
[Black "Yu, Yangyi"]
[Result "1/2-1/2"]
[WhiteTitle "GM"]
[BlackTitle "GM"]
[WhiteElo "2671"]
[BlackElo "2720"]
[WhiteFideId "8601445"]
[BlackFideId "8603820"]
[EventDate "2024.02.29"]

1. Nf3 c5 2. c3 Nf6 3. d4 e6 4. e3 b6 5. Nbd2 Bb7 6. Bd3 d5 7. O-O Be7 8. Qe2
Nc6 9. b3 O-O 10. Bb2 a5 11. a4 Rc8 12. Rac1 Bd6 13. Rfd1 Qe7 14. e4 dxe4 15.
Nxe4 cxd4 16. Nxd6 Qxd6 17. Bb5 e5 18. Bxc6 Qxc6 19. cxd4 Qe6 20. Rxc8 Rxc8 21.
dxe5 Nd5 22. Qd2 h6 23. Nd4 Qxe5 24. Nc6 Qe6 25. Qxd5 Qxc6 26. Qxc6 Bxc6 27. f3
b5 28. Rc1 bxa4 29. bxa4 Bd7 30. Rxc8+ Bxc8 31. Bc3 Bd7 32. Bxa5 Bxa4 1/2-1/2

[Event "5th Shenzhen Longgang"]
[Site "Shenzhen CHN"]
[Date "2024.03.06"]
[Round "6.4"]
[White "Giri, Anish"]
[Black "Ma, Qun"]
[Result "1/2-1/2"]
[WhiteTitle "GM"]
[BlackTitle "GM"]
[WhiteElo "2762"]
[BlackElo "2651"]
[WhiteFideId "24116068"]
[BlackFideId "8603154"]
[EventDate "2024.02.29"]

1. e4 e5 2. Nf3 Nc6 3. Bc4 Bc5 4. O-O Nf6 5. d3 d6 6. c3 a6 7. a4 Ba7 8. Re1 O-O
9. h3 h6 10. Nbd2 Re8 11. Nf1 Be6 12. Bxe6 Rxe6 13. c4 Nd4 14. a5 Nd7 15. Ng3
Nxf3+ 16. Qxf3 Nc5 17. Qd1 Rf6 18. Rf1 Ne6 19. b4 Kh7 20. Nf5 Nd4 21. Ne3 Qd7
22. Kh1 Rf8 23. Ra2 c6 24. Bd2 Ne6 25. Nf5 g6 26. Nxh6 Rxf2 27. Rxf2 Bxf2 28.
Qg4 Bd4 29. Nf5 gxf5 30. Qxf5+ Kg7 31. Qg4+ Kh7 32. Qh5+ Kg8 33. Qg4+ Kh7 1/2-1/2

[Event "5th Shenzhen Longgang"]
[Site "Shenzhen CHN"]
[Date "2024.03.07"]
[Round "7.1"]
[White "Ma, Qun"]
[Black "Xu, Xiangyu"]
[Result "0-1"]
[WhiteTitle "GM"]
[BlackTitle "GM"]
[WhiteElo "2651"]
[BlackElo "2623"]
[WhiteFideId "8603154"]
[BlackFideId "8608288"]
[EventDate "2024.02.29"]

1. e4 c5 2. Nf3 d6 3. d4 cxd4 4. Nxd4 Nf6 5. Nc3 a6 6. Bg5 e6 7. Qf3 Nbd7 8.
O-O-O Qc7 9. Qg3 b5 10. Bd3 Be7 11. Rhe1 O-O 12. f4 Nc5 13. e5 dxe5 14. fxe5 Nh5
15. Qh4 Bxg5+ 16. Qxg5 g6 17. g4 f6 18. exf6 Nxf6 19. Rf1 Kg7 20. Qh4 Bd7 21.
Be2 Qe5 22. Bf3 Rae8 23. g5 Nd5 24. Bxd5 exd5 25. Rxf8 Rxf8 26. Nb3 Ne6 27. Nxd5
Qxg5+ 28. Qxg5 Nxg5 29. Nc5 Bc8 30. b4 Rf2 31. Rd2 Rxd2 32. Kxd2 Nf3+ 33. Ke2
Nxh2 34. Ne7 Bg4+ 35. Kf2 h5 36. Nxa6 h4 37. Nc5 Bf3 38. Nc8 Bd5 39. Nb6 Ng4+
40. Kg1 Bf3 41. Ne6+ Kf6 42. Nd4 Be4 43. Nd7+ Ke7 44. Nc5 Ba8 45. Ne2 h3 46. Ng3
h2+ 47. Kf1 Ne3+ 0-1

[Event "5th Shenzhen Longgang"]
[Site "Shenzhen CHN"]
[Date "2024.03.07"]
[Round "7.2"]
[White "Yu, Yangyi"]
[Black "Giri, Anish"]
[Result "1/2-1/2"]
[WhiteTitle "GM"]
[BlackTitle "GM"]
[WhiteElo "2720"]
[BlackElo "2762"]
[WhiteFideId "8603820"]
[BlackFideId "24116068"]
[EventDate "2024.02.29"]

1. c4 Nf6 2. g3 e6 3. Bg2 d5 4. Nf3 Be7 5. O-O O-O 6. d3 c5 7. Ne5 Qc7 8. f4 Rd8
9. Nc3 a6 10. Qe1 b5 11. cxb5 axb5 12. Nxb5 Qb6 13. a4 Ba6 14. Bd2 Bxb5 15. axb5
Rxa1 16. Qxa1 Qxb5 17. Qa7 Nc6 18. Nxc6 Qxc6 19. Ra1 Bf8 20. Qa6 Qd7 21. Bc3 Ng4
22. Bf3 Ne3 23. Qa4 Qe7 24. Qa7 Rd7 25. Qb8 Rd8 26. Qa7 Rd7 27. Qb8 Rd8 1/2-1/2